00510nam a2200193Ii 450000100060000000300090000600800410001502000150005604000330007104100080010408400120011210000210012424500290014526400490017430000120022333600260023533700280026133800270028919022CO-ViMGA241108s9999||||xx |||||||||||||| ||und|| a9588293197 aCO-ViMGAbspaerdacCO-ViMGA0 aspa aN MCA1c1 aM. I. McAllister10aCrónicas de Mistmantle 1aBogotá, Colombia : Villegas Editores, 2006 avolumen atextbtxt2rdacontent aunmediatedbn2rdamedia avolumebnc2rdacarrier